Statistics for rivers in belgium

Click here to take the quiz!

General Stats

  • This quiz has been taken 147 times
  • The average score is 5 of 9

Answer Stats

HintAnswer% Correct
LiègeMaas
90%
GhentSchelde
90%
YpresIjzer
78%
KortrijkLeie
72%
BrusselsZenne
60%
DurbuyOurthe
52%
AalstDender
51%
NamurSemois
21%
LokerenDurme
16%

Score Distribution

Percentile by Number Answered

Percent of People with Each Score

Your Score History

You have not taken this quiz